Le Pas de la Case - Choix multiples - Statistiques

Statistiques générales
  • Ce quiz a été pris 22 fois
  • Le résultat moyen est 6 sur 10
Statistiques - réponses
Question Réponse % Correct
Qu'est-ce qui attire de nombreux touristes français au Pas de la Case ? Ses produits détaxés
95%
Quel nom porte le domaine skiable du Pas de la Case notamment ? Grandvalira
64%
Que le tunnel d'Envalira, reliant Le Pas au reste de la paroisse d'Encamp, a-t-il de particulier ? Il est le plus haut des grands tunnels européens.
59%
Lequel de ces évènements sportifs internationaux a déjà été accueilli par Le Pas ? Le Tour de France
59%
Que demande Le Pas de la Case depuis plusieurs décennies ? A devenir une paroisse indépendante
55%
Qui visita Le Pas de la Case en 1967 ? Charles de Gaulle
55%
Quelle rivière prend sa source près du Pas de la Case avant de former une partie de la frontière franco-andorrane ? L'Ariège
55%
Quelle est la particularité du Pas de la Case sur le plan linguistique ? Le français y est bien plus utilisé que dans le reste du pays.
55%
De quoi un projet abandonné prévoyait-il la construction au Pas de la Case en 2021 ? Un aéroport
45%
Que signifie "El Pas de la Casa" en catalan ? Le col de l'abri
32%
Aucun quiz correspondant
Distribution des résultats
% des personnes avec chaque résultat
Percentile par nombre de réponses
Votre historique - résultats
Vous n’avez pas pris ce quiz